000 00356nam a2200145Ia 4500
005 20260328101452.0
008 260328s9999||||xx |||||||||||||| ||und||
100 _aBenévolo, Leonardo
245 0 _aLa captura del infinito /
_cLeonardo Benévolo
250 _aOriginal
260 _bCeleste
300 _a118 p.
650 _aDISEÑO URBANO
942 _cBK
999 _c8710
_d8710